Revista del Torax de la Provincia de Buenos Aires (Registro nro. 1296)
[ vista simple ]
| 000 -LEADER | |
|---|---|
| fixed length control field | 00500nas a22001577a 4500 |
| 008 - CAMPO DE CONTROL RECURSOS CONTINUADOS | |
| fixed length control field | 130403t20049999ag ||||| |||| 00| 0 spa d |
| 022 ## - INTERNATIONAL STANDARD SERIAL NUMBER | |
| International Standard Serial Number | 1514-9048 |
| 245 ## - TITULO | |
| Titulo | Revista del Torax de la Provincia de Buenos Aires |
| 260 ## - PUBLICACION, DISTRIBUCION, ETC. (PIE DE IMPRENTA) | |
| Lugar de publicación, distribución, etc | Buenos Aires, |
| Nombre de la editorial, distribuidor, etc. | Sociedad de Tisiologia y Neumonologia de la Provincia de Buenos Aires: |
| Fecha de publicación | 2004 |
| 300 ## - DESCRIPCION FISICA | |
| Extensión | v. : |
| 546 ## - NOTA DE IDIOMA | |
| Nota de lenguaje | español |
| 590 ## - NOTAS LOCALES (RLIN) | |
| Nota local | Existencias: 2004 6(11); 2009 10(18) |
| 590 ## - NOTAS LOCALES (RLIN) | |
| Nota local | Indizada en: Latindex |
| 650 ## - MATERIA-TERMINO TEMATICO | |
| Término temático | NEUMOLOGIA |
| 9 (RLIN) | 2010 |
| 942 ## - ADDED ENTRY ELEMENTS (KOHA) | |
| Source of classification or shelving scheme | Dewey Decimal Classification |
| Item type | Continuing Resources |
No hay ítems disponibles.